01018nam a2200265 i 4500003000900000005001700009007000300026008004100029020001800070040003000088041000800118082001900126100003900145245019200184264003400376300004400410336002700454337003300481338002800514590002700542910000700569942001400576952014500590999001700735DO-SdBNP20251112090757.0ta251112s2017 dr ac 000 0 spa d a9789945908442 aDO-SdBNPbspacBNPHUerda aspa 4axxxbJ869s2221 aJovine, Rafaeleautor4aut.94544613aSe buscan recursos para garantizar derechos :bcálculo del espacio fiscal para reorientar los recursos públicos malgastados a la garantía de derechos /cRafael Jovine, Rosa Cañeta aSanto Domingo :bOxfan,c2017 a84 páginas :bilustraciones ;c27 cm. 2rdacontentatextobtxt 2rdamediaasin mediaciónbn 2rdacarrieravolumenbnc aInventariado, 2025/ DG aDG 2ddccLBS1 00102ddc51708PDaBNPHUbBNPHUcCTd2025-11-12edonaciónl0oBNPHU PD J869sp2025-12976r2025-11-12w2025-11-12yLBS1zClaro dominicana c60029d60029